00879 2200241 4500001002100000005001500021035002000036001002100056005001500077035002000092035002000112245005400132100001500186250001700201300002800218260003900246082001000285084001600295020002200311650001700333520024600350008004100596INLIS00000000000066020240828092926 a0010-0824000178INLIS00000000000034620240604013135 a0010-0624000056 a0010-06240000551 aHuman Body Encyclopedia :bEkskresi /cTri Rahayu0 aTri Rahayu acetakan ke-1 a56 hlm :bIlus ;c21 cm aBekasi :bUranus Publishing,c2011 a612.4 a612.4 TRI h a978-602-8637-34-3 4aEnsiklopedia aSeri Human Body Encyclopedia merupakan seri pengetahuan yang membahas tentang fakta-fakta menakjubkan pada tubuh kita. Berisi tentang penjelasan bagian-bagian dan organ tubuhmu. Betapa tubuh kita merupakan sebuah keajaiban yang sangat besar.240604 0